ბათუმის შოთა რუსთაველის სახელმწიფო უნივერსიტეტის ბიბლიოთეკა

Extending experimentalist governance? : (ბიბ.ჩანაწერი № 57849)

000 -LEADER
fixed length control field 01599cam a2200301 i 4500
001 - CONTROL NUMBER
control field 18445170
005 - DATE AND TIME OF LATEST TRANSACTION
control field 20221110160644.0
008 - FIXED-LENGTH DATA ELEMENTS--GENERAL INFORMATION
fixed length control field 150112s2015 enk b 101 0 eng
020 ## - INTERNATIONAL STANDARD BOOK NUMBER
International Standard Book Number 9780198724506x
041 ## - LANGUAGE CODE
Language code of text/sound track or separate title eng
080 ## - UNIVERSAL DECIMAL CLASSIFICATION NUMBER
Universal Decimal Classification number 327.51 E-97
245 00 - TITLE STATEMENT
Title Extending experimentalist governance? :
Remainder of title the European Union and transnational regulation /
Statement of responsibility, etc. edited by Jonathan Zeitlin.
246 30 - VARYING FORM OF TITLE
Title proper/short title European Union and transnational regulation
250 ## - EDITION STATEMENT
Edition statement First edition.
264 #1 - PRODUCTION, PUBLICATION, DISTRIBUTION, MANUFACTURE, AND COPYRIGHT NOTICE
Place of production, publication, distribution, manufacture Oxford, United Kingdom :
Name of producer, publisher, distributor, manufacturer Oxford University Press,
Date of production, publication, distribution, manufacture, or copyright notice 2015.
300 ## - PHYSICAL DESCRIPTION
Extent xxi, 410 pages ;
Dimensions 24 cm.
653 ## - INDEX TERM--UNCONTROLLED
keyword Extending Experimentalist Governance? :
653 ## - INDEX TERM--UNCONTROLLED
keyword The European Union and Transnational Regulation
653 ## - INDEX TERM--UNCONTROLLED
keyword ექსპერიმენტული მმართველობის გაფართოება ? :
653 ## - INDEX TERM--UNCONTROLLED
keyword ევროკავშირი და ტრანსნაციონალური რეგულირება
653 ## - INDEX TERM--UNCONTROLLED
keyword Расширение экспериментального управления :
653 ## - INDEX TERM--UNCONTROLLED
keyword Европейский союз и транснациональное регулирование
700 1# - ADDED ENTRY--PERSONAL NAME
Personal name Zeitlin, Jonathan
Relator term რედაქტორი
9 (RLIN) 10500
856 42 - ELECTRONIC LOCATION AND ACCESS
Materials specified Contributor biographical information
Uniform Resource Identifier http://www.loc.gov/catdir/enhancements/fy1604/2015930594-b.html
856 42 - ELECTRONIC LOCATION AND ACCESS
Materials specified Publisher description
Uniform Resource Identifier http://www.loc.gov/catdir/enhancements/fy1604/2015930594-d.html
856 41 - ELECTRONIC LOCATION AND ACCESS
Materials specified Table of contents only
Uniform Resource Identifier http://www.loc.gov/catdir/enhancements/fy1604/2015930594-t.html
942 ## - ADDED ENTRY ELEMENTS (KOHA)
Source of classification or shelving scheme
Koha item type წიგნი
ეგზემპლარები
Withdrawn status Lost status Source of classification or shelving scheme Damaged status Not for loan Permanent Location Current Location Shelving location Date acquired Cost, normal purchase price Full call number Barcode Date last seen Copy number Price effective from Koha item type Public note
          ბათუმის შოთა რუსთაველის სახელმწიფო უნივერსიტეტის მთავარი ბიბლიოთეკა ბათუმის შოთა რუსთაველის სახელმწიფო უნივერსიტეტის მთავარი ბიბლიოთეკა წიგნსაცავი 2021-03-17 195.00 327.51 E-97 54049 2021-03-17 54049 2021-03-17 წიგნი 195 GEL.